000 02824nam0a2200433 4500
001 RU\NLR\BIBL_A\012655562
005 20220331145108.0
010 _a978-5-7677-3268-5
_9300
021 _aRU
_bКН-П-21-051224
_9КН-П-21-4024
035 _a(NLR Aleph) 012655562
090 _a12739673
_c12739673
100 _a20211201d2021 u y0rusy50 ca
101 0 _arus
102 _aRU
105 _aa|||j||||||z|
181 0 _ai3
_baxxe
182 0 _an
200 1 _aАтеросклероз и гиперлипидемии
_eучебное пособие
_eдля студентов 4-6 курсов специальности "Лечебное дело"
_fИ.В. Опалинская, Е.И. Бусалаева, Н.П. Васильева, Т.Ю. Винокур
_gответственный редактор: доцент Е.И. Бусрлаева
_gМинистерство науки и высшего образования Российской Федерации, Федеральное государственное бюджетное образовательное учреждение высшего образования "Чувашский государственный университет имени И.Н. Ульянова"
203 _aТекст
_bвизуальный
_cнепосредственный
205 _a2-е изд., перераб. и доп.
210 _aЧебоксары
_cИзд-во Чувашского университета
_d2021
215 _a95 с.
_cил.
_d20
300 _aАвт. указаны на обороте тит. с.
300 _aВ вып. дан. авт.: И.В. Опалинская, Е.И. Бусалаева, Н.П. Васильева и др.
320 _aБиблиогр.: с. 94 (5 назв.)
606 1 _aГиперлипидемия
_jУчебные издания для высших учебных заведений
_2nlr_sh1
_2nlr_sh2
_3RU\NLR\AUTH\6680735
606 1 _aАтеросклероз
_jУчебные издания для высших учебных заведений
_2nlr_sh1
_2nlr_sh2
_3RU\NLR\AUTH\6619948
686 1 _aР415.202.9я73
686 1 _aР410.210.41я73
701 1 _aОпалинская
_bИ. В.
_gИрина Владимировна
701 1 _aБусалаева
_bЕ. И.
_gЕлена Исааковна
701 1 _aВасильева
_bН. П.
_cканд. мед. наук
_gНина Прокопьевна
_3RU\NLR\AUTH\7746314
701 1 _aВинокур
_bТ. Ю.
_gТатьяна Юрьевна
712 0 2 _aЧувашский государственный университет им. И. Н. Ульянова
_cЧебоксары
_3RU\NLR\AUTH\8814249
_4475
942 _cBOOK
980 _aNB